| 000 | 01383nmc a2200373 a 4500 | ||
|---|---|---|---|
| 003 | AR-BaBNM | ||
| 005 | 20251128205437.0 | ||
| 008 | 011101s1997 ||||||||||||||000 | spa|| | ||
| 020 | _a987-9145-05-4 | ||
| 040 | _cAR-BaBNM | ||
| 100 | 1 | _aWeinberg, Gregorio | |
| 245 | 1 | 0 |
_aIlustración y educación superior en Hispanoamérica _bsiglo XVIII |
| 250 | _a1ª ed. | ||
| 260 |
_aBuenos Aires _bAcademia Nacional de Educación _c1997 |
||
| 300 | 0 | _a95 p. | |
| 490 | 0 |
_aEstudios _vv. 13 |
|
| 500 | 1 | _aLa ponencia "Ilustración" y educación superior en Hispanoamérica, fue presentado al Simposium Internacional "Educación e Ilustración: dos siglos de reformas de la enseñanza", realizado en Madrid entre el 7 y el 10 de noviembre de 1988 | |
| 504 | _aContiene bibliografía al final de cada capítulo | ||
| 600 | 1 | 4 |
_aCondorcet, Jean-Antoine-Nicolas de Caritat _d1743-1794 |
| 650 | 4 | _aHISTORIA DE LA EDUCACION | |
| 650 | 4 | _aSIGLO DIECIOCHO | |
| 650 | 4 | _aUNIVERSIDADES | |
| 650 | 4 | _aPLANIFICACION DE LA UNIVERSIDAD | |
| 651 | 4 | _aEspaña | |
| 651 | 4 | _aAmérica Latina | |
| 653 | 0 | _aEDUCACION SUPERIOR | |
| 653 | 0 | _aILUSTRACION | |
| 653 | 0 | _aEDUCACION PUBLICA | |
| 710 | 2 | _aAcademia Nacional de Educación [Buenos Aires] | |
| 800 | 1 |
_aAgulla, Juan Carlos _ecoordinador |
|
| 800 | 1 |
_aSalonia, Antonio Francisco _ecoordinador |
|
| 942 | _cBK | ||
| 998 | _cSILVI | ||
| 999 |
_c11421 _d11421 |
||